Statistics for #180-161 Largest Countries Quiz

Click here to take the quiz!

General Stats

  • This quiz has been taken 7 times
  • The average score is 17 of 19

Answer Stats

#Size (km²)Country% Correct
1664,033 km²Cape Verde
100%
1701,862 km²Comoros
100%
172811 km²Kiribati
100%
1682,586 km²Luxembourg
100%
1692,040 km²Mauritius
100%
180459 km²Palau
100%
175747 km²Tonga
100%
179468 km²Andorra
83%
1629,251 km²Cyprus
83%
174751 km²Dominica
83%
16110,400 km²Lebanon
83%
1672,831 km²Samoa
83%
171964 km²Sao Tome and Principe
83%
176719 km²Singapore
83%
178616 km²St. Lucia
83%
177702 km²The Federated States of Micronesia
83%
1655,128 km²Trinidad and Tobago
83%
1645,765 km²Brunei
67%
173760 km²Bahrain
50%

Score Distribution

Percentile by Number Answered

Percent of People with Each Score

Your Score History

You have not taken this quiz